书目信息 |
| 题名: |
学习马克思主义经典作家论党风与世界观
|
|
| 作者: | 赵文禄 , 贺惠邦 编著 | |
| 分册: | ||
| 出版信息: | 天津 南开大学出版社 1985.05 |
|
| 页数: | 221页 | |
| 开本: | 32开 | |
| 丛书名: | ||
| 单 册: | ||
| 中图分类: | D261.3 | |
| 科图分类: | ||
| 主题词: | 中国共产党 | |
| 电子资源: | ||
| ISBN: | ||
| 000 | 00624nam0 2200193 45 | |
| 001 | 0006120935 | |
| 005 | 20000612095803.9 | |
| 010 | @dRMB 1.15 | |
| 100 | @a20000612d1985 km y0chiy0120 ea | |
| 101 | 0 | @achi |
| 200 | 1 | @a学习马克思主义经典作家论党风与世界观@AXue Xi Ma Ke Si Zhu Yi Jing Dian Zuo Jia Lun Dang Feng Yu Shi Jie Guan@f赵文禄,贺惠邦编著@FZhao Wen Lu,He Hui Bang Bian Zhu |
| 210 | @a天津@c南开大学出版社@d1985.05 | |
| 215 | @a221页@d32开 | |
| 606 | 0 | @a中国共产党 |
| 690 | @aD261.3@v3 | |
| 701 | 0 | @a赵文禄@4编著 |
| 701 | 0 | @a贺惠邦@4编著 |
| 801 | @aCN@bPftUser@c20000612 | |
| 905 | @a?b203375-376@dD261.3@eZH489 | |
| 学习马克思主义经典作家论党风与世界观/赵文禄,贺惠邦编著.-天津:南开大学出版社,1985.05 |
| 221页;32开 |
| ISBN :RMB 1.15 |
| ● |
| 相关链接 |
|
|
|
正题名:学习马克思主义经典作家论党风与世界观
索取号:D261.3/ZH489
 
预约/预借
| 序号 | 登录号 | 条形码 | 馆藏地/架位号 | 状态 | 备注 |
| 1 | 203375 | 202033753 | 社科库509/509社科库 69排5列2层/ [索取号:D261.3/ZH489] | 在馆 | |
| 2 | 203376 | 202033762 | 社科库509/509社科库 69排5列2层/ [索取号:D261.3/ZH489] | 在馆 |